A vindication of the rights of men : (Record no. 12675)

MARC details
000 -LEADER
fixed length control field 01983nam a2200493 a 4500
001 - CONTROL NUMBER
control field 4986459
003 - CONTROL NUMBER IDENTIFIER
control field mut
005 - DATE AND TIME OF LATEST TRANSACTION
control field 20240606081232.0
008 - FIXED-LENGTH DATA ELEMENTS--GENERAL INFORMATION
fixed length control field 980414s1997 onc b 001 0 eng d
010 ## - LIBRARY OF CONGRESS CONTROL NUMBER
LC control number 98138772
015 ## - NATIONAL BIBLIOGRAPHY NUMBER
National bibliography number C97-930849-6
020 ## - INTERNATIONAL STANDARD BOOK NUMBER
International Standard Book Number 1551110881 (pbk.) :
Terms of availability $13.95
035 ## - SYSTEM CONTROL NUMBER
System control number (OCoLC)36993645
040 ## - CATALOGING SOURCE
Original cataloging agency CaOTU
Language of cataloging eng
Transcribing agency mut
Modifying agency GZM
-- DLC
042 ## - AUTHENTICATION CODE
Authentication code lccopycat
043 ## - GEOGRAPHIC AREA CODE
Geographic area code e-uk-en
-- e-fr---
050 00 - LIBRARY OF CONGRESS CALL NUMBER
Classification number JC 571
Item number .W87 1997
055 01 - CLASSIFICATION NUMBERS ASSIGNED IN CANADA
Classification number JC571
055 #3 - CLASSIFICATION NUMBERS ASSIGNED IN CANADA
Classification number JC571
Item number W873 1997
055 00 - CLASSIFICATION NUMBERS ASSIGNED IN CANADA
Classification number JC571
Item number W86 1997
082 00 - DEWEY DECIMAL CLASSIFICATION NUMBER
Classification number 323
Edition information 21
100 1# - MAIN ENTRY--PERSONAL NAME
Personal name Wollstonecraft, Mary,
Dates associated with a name 1759-1797.
240 10 - UNIFORM TITLE
Uniform title Vindication of the rights of men
245 12 - TITLE STATEMENT
Title A vindication of the rights of men :
Remainder of title in a letter to the right honourable Edmund Burke : occasioned by his reflections on the revolution in France ; and, A vindication of the rights of woman : with strictures on political and moral subjects /
246 14 - VARYING FORM OF TITLE
Title proper/short title Vindications
260 ## - PUBLICATION, DISTRIBUTION, ETC.
Place of publication, distribution, etc. Peterborough, Ont. ;
-- Orchard Park, NY :
Name of publisher, distributor, etc. Broadview Press,
Date of publication, distribution, etc. 1997.
300 ## - PHYSICAL DESCRIPTION
Extent 488 p. ;
Dimensions 22 cm.
440 #0 - SERIES STATEMENT/ADDED ENTRY--TITLE
Title Broadview literary texts
504 ## - BIBLIOGRAPHY, ETC. NOTE
Bibliography, etc. note Includes bibliographical references and index.
600 10 - SUBJECT ADDED ENTRY--PERSONAL NAME
Personal name Burke, Edmund,
Dates associated with a name 1729-1797.
Title of a work Reflections on the Revolution in France.
650 #0 - SUBJECT ADDED ENTRY--TOPICAL TERM
Topical term or geographic name entry element Human rights.
650 #0 - SUBJECT ADDED ENTRY--TOPICAL TERM
Topical term or geographic name entry element Liberty.
650 #0 - SUBJECT ADDED ENTRY--TOPICAL TERM
Topical term or geographic name entry element Feminism.
650 #0 - SUBJECT ADDED ENTRY--TOPICAL TERM
Topical term or geographic name entry element Womens' rights
Geographic subdivision Great Britain.
650 #0 - SUBJECT ADDED ENTRY--TOPICAL TERM
Topical term or geographic name entry element Women
General subdivision Education
Geographic subdivision Great Britain.
651 #0 - SUBJECT ADDED ENTRY--GEOGRAPHIC NAME
Geographic name France
General subdivision History
Chronological subdivision Revolution, 1789-1799
General subdivision Causes.
700 1# - ADDED ENTRY--PERSONAL NAME
Personal name Macdonald, David Lorne,
Dates associated with a name 1955-
700 1# - ADDED ENTRY--PERSONAL NAME
Personal name Scherf, Kathleen Dorothy,
Dates associated with a name 1960-
700 12 - ADDED ENTRY--PERSONAL NAME
Personal name Wollstonecraft, Mary,
Dates associated with a name 1759-1797.
Title of a work Vindication of the rights of woman.
740 02 - ADDED ENTRY--UNCONTROLLED RELATED/ANALYTICAL TITLE
Uncontrolled related/analytical title Vindication of the rights of woman.
906 ## - LOCAL DATA ELEMENT F, LDF (RLIN)
a 7
b cbc
c copycat
d 3
e ncip
f 19
g y-gencatlg
942 ## - ADDED ENTRY ELEMENTS (KOHA)
Source of classification or shelving scheme Library of Congress Classification
Koha item type Books
Holdings
Withdrawn status Lost status Source of classification or shelving scheme Damaged status Not for loan Home library Current library Shelving location Date acquired Source of acquisition Total checkouts Full call number Barcode Date last seen Price effective from Koha item type
    Library of Congress Classification     Murang'a University of Technology Library Murang'a University of Technology Library General stacks 03/10/2017 Donation-TFC   JC 571 .W87 1997 015427 30/08/2024 03/10/2017 Books